| 000 | 00372nam a2200145Ia 4500 | ||
|---|---|---|---|
| 008 | 240624s9999 xx 000 0 und d | ||
| 041 | _aeng | ||
| 082 | _a300.72 EVA | ||
| 100 | _aEVANS ANNABEL NESS | ||
| 245 | _aUSING BASIC STATISTICS IN THE BEHAVIORAL | ||
| 250 | _a(5th ed.) | ||
| 260 |
_c2014 _aLondon _bSage |
||
| 300 | _axvi, : 605 : p. : cm. ; 23 | ||
| 365 |
_c _b38 |
||
| 999 |
_c27509 _d27509 |
||